<?xml version="1.0" encoding="UTF-8"?>
<record
    xmlns:xsi="http://www.w3.org/2001/XMLSchema-instance"
    xsi:schemaLocation="http://www.loc.gov/MARC21/slim http://www.loc.gov/standards/marcxml/schema/MARC21slim.xsd"
    xmlns="http://www.loc.gov/MARC21/slim">

  <leader>00821nam a2200253Ia 4500</leader>
  <controlfield tag="001">18225</controlfield>
  <controlfield tag="003">GE_BSU</controlfield>
  <controlfield tag="008">181216s||||||||xx |||||||||||||| ||und||</controlfield>
  <datafield tag="020" ind1=" " ind2=" ">
    <subfield code="a">9785519018371</subfield>
  </datafield>
  <datafield tag="040" ind1=" " ind2=" ">
    <subfield code="c">GE_BSU</subfield>
  </datafield>
  <datafield tag="080" ind1=" " ind2=" ">
    <subfield code="a">004</subfield>
  </datafield>
  <datafield tag="100" ind1=" " ind2=" ">
    <subfield code="a">&#x41F;&#x430;&#x432;&#x43B;&#x43E;&#x432;, &#x41D;&#x438;&#x43A;&#x43E;&#x43B;&#x430;&#x439; &#x412;&#x43B;&#x430;&#x434;&#x438;&#x43C;&#x438;&#x440;&#x43E;&#x432;&#x438;&#x447;</subfield>
  </datafield>
  <datafield tag="245" ind1=" " ind2=" ">
    <subfield code="a">EXCEL:&#x421;&#x431;&#x43E;&#x440;&#x43D;&#x438;&#x43A; &#x433;&#x43E;&#x442;&#x43E;&#x432;&#x44B;&#x445; &#x440;&#x435;&#x448;&#x435;&#x43D;&#x438;&#x439;</subfield>
  </datafield>
  <datafield tag="245" ind1=" " ind2=" ">
    <subfield code="b">&#x411;&#x435;&#x440;&#x438; &#x438; &#x43F;&#x43E;&#x43B;&#x44C;&#x437;&#x443;&#x439;&#x441;&#x44F;</subfield>
  </datafield>
  <datafield tag="260" ind1=" " ind2=" ">
    <subfield code="a">&#x41C;&#x43E;&#x441;&#x43A;&#x432;&#x430;</subfield>
  </datafield>
  <datafield tag="260" ind1=" " ind2=" ">
    <subfield code="b">&#x41F;&#x435;&#x447;&#x430;&#x442;&#x44C; &#x446;&#x438;&#x444;&#x440;&#x43E;&#x432;&#x430;&#x44F;</subfield>
  </datafield>
  <datafield tag="260" ind1=" " ind2=" ">
    <subfield code="c">2014</subfield>
  </datafield>
  <datafield tag="300" ind1=" " ind2=" ">
    <subfield code="a">382&#x441;&#x442;&#x440;,&#x438;&#x43B;&#x43B;,28&#x441;&#x43C;</subfield>
  </datafield>
  <datafield tag="541" ind1=" " ind2=" ">
    <subfield code="h">55&#x41B;.</subfield>
  </datafield>
  <datafield tag="653" ind1=" " ind2=" ">
    <subfield code="a">EXCEL:&#x421;&#x431;&#x43E;&#x440;&#x43D;&#x438;&#x43A; &#x433;&#x43E;&#x442;&#x43E;&#x432;&#x44B;&#x445; &#x440;&#x435;&#x448;&#x435;&#x43D;&#x438;&#x439;</subfield>
  </datafield>
  <datafield tag="653" ind1=" " ind2=" ">
    <subfield code="a">&#x10D9;&#x10DD;&#x10DB;&#x10DE;&#x10D8;&#x10E3;&#x10E2;&#x10D4;&#x10E0;&#x10E3;&#x10DA;&#x10D8; &#x10E2;&#x10D4;&#x10E5;&#x10DC;&#x10DD;&#x10DA;&#x10DD;&#x10D2;&#x10D8;&#x10D0;.</subfield>
  </datafield>
  <datafield tag="653" ind1=" " ind2=" ">
    <subfield code="a">&#x10E1;&#x10D0;&#x10D8;&#x10DC;&#x10E4;&#x10DD;&#x10E0;&#x10DB;&#x10D0;&#x10EA;&#x10D8;&#x10DD; &#x10E2;&#x10D4;&#x10E5;&#x10DC;&#x10DD;&#x10DA;&#x10DD;&#x10D2;&#x10D8;&#x10D4;&#x10D1;&#x10D8;</subfield>
  </datafield>
  <datafield tag="942" ind1=" " ind2=" ">
    <subfield code="c">BK</subfield>
  </datafield>
  <datafield tag="999" ind1=" " ind2=" ">
    <subfield code="c">51263</subfield>
    <subfield code="d">51263</subfield>
  </datafield>
  <datafield tag="952" ind1=" " ind2=" ">
    <subfield code="0">0</subfield>
    <subfield code="1">0</subfield>
    <subfield code="4">0</subfield>
    <subfield code="7">0</subfield>
    <subfield code="9">70514</subfield>
    <subfield code="d">2018-12-17</subfield>
    <subfield code="p">46429</subfield>
    <subfield code="r">2018-12-17</subfield>
    <subfield code="w">2018-12-17</subfield>
    <subfield code="y">BK</subfield>
  </datafield>
</record>
